| 000 | 00715nam a2200229 i 4500 | ||
|---|---|---|---|
| 001 | 89483 | ||
| 003 | ES-MaACL | ||
| 005 | 20251015063109.0 | ||
| 007 | t| | ||
| 008 | 050111s1956 sp ||||1| spa d | ||
| 100 | 1 |
_aLantier, Raymond, _d1886-1980 _970103 |
|
| 245 | 1 | 3 |
_aLa vida prehistórica / _cRaymond Lantier ; traducción de Pedro Voltes. |
| 250 | _a[1ª ed. española]. | ||
| 260 |
_aBarcelona, etc. : _bSalvat, _c[1956] ( _fImp. Hispano-Americana) |
||
| 300 |
_aVIII, 172 p. ; _c17 cm. |
||
| 490 | 1 | _aSurco | |
| 650 | 0 | 4 |
_aPrehistoria. _916343 |
| 700 | 0 |
_aVoltes Bou, Pedro, _d1926-2009 _9115726 |
|
| 830 | 0 |
_aSurco _9181374 |
|
| 852 |
_aES-MaACL _jC-11677 _bR.39574 |
||
| 999 |
_c89483 _d89483 |
||